| 000 | 01150nam0a22003011 4500 | ||
|---|---|---|---|
| 001 | rc\2139313 | ||
| 005 | 20260407100926.0 | ||
| 035 | _a(NLR Aleph) 006491514 | ||
| 090 |
_a6137558 _c6137558 |
||
| 100 | _a20110829d1978 |||y0rusy50 ca | ||
| 101 | 0 | _arus | |
| 102 | _aRU | ||
| 105 | _aa z ||||| | ||
| 200 | 1 |
_aПутеводитель по музею _f[Центр. музей революции СССР]. Красная Пресня |
|
| 210 |
_aМосква _cМоск. рабочий _d1978 |
||
| 215 |
_a111 с. _cил. _d17 |
||
| 225 | 1 | _aМузеи и выставки Москвы и Подмосковья | |
| 300 | _aПеред загл. авт.: Б.И. Гаденко, Ю.Э. Газганов, А.М. Гак | ||
| 701 | 1 |
_aГазганов _bЮ.Э. |
|
| 701 | 1 |
_aГак _bА.М. |
|
| 701 | 1 |
_aГаденко _bБ.И. _gБелла Ивановна |
|
| 710 | 0 | 2 |
_a"Красная Пресня", историко-революционный музей _cМосква _3RU\NLR\AUTH\8810055223 _9611011 |
| 801 | 0 |
_aRU _bNLR _gpsbo |
|
| 801 | 1 |
_aRU _bELAR _2rusmarc |
|
| 852 |
_aNLR _j78-2/1712 |
||
| 942 | _cBOOK | ||
| 980 | _aNB | ||